Herramientas para el análisis de la rentabilidad (Registro nro. 6953)
[ vista simple ]
| 000 -LEADER | |
|---|---|
| fixed length control field | 00922 a2200217 4500 |
| 001 - CONTROL NUMBER | |
| control field | 60384 |
| 005 - DATE AND TIME OF LATEST TRANSACTION | |
| control field | 20260407155854.0 |
| 008 - FIXED-LENGTH DATA ELEMENTS--GENERAL INFORMATION | |
| fixed length control field | 260407a2002 arg spa d |
| 003 - CONTROL NUMBER IDENTIFIER | |
| control field | AR-UNSa-BCEJYS |
| 040 ## - CATALOGING SOURCE | |
| Original cataloging agency | AR-UNSa-BCEJYS |
| Language of cataloging | spa |
| Transcribing agency | AR-UNSa-BCEJYS |
| 080 ## - UNIVERSAL DECIMAL CLASSIFICATION NUMBER | |
| Universal Decimal Classification number | 658.155 |
| Common auxiliary subdivision | Ganancias. Pérdidas. Rentabilidad |
| 020 ## - INTERNATIONAL STANDARD BOOK NUMBER | |
| International Standard Book Number | 958-682-362-8 |
| 041 ## - LANGUAGE CODE | |
| Language code of text/sound track or separate title | spa |
| 100 1# - MAIN ENTRY--PERSONAL NAME | |
| Personal name | Vélez, Ignacio |
| 245 10 - TITLE STATEMENT | |
| Title | Herramientas para el análisis de la rentabilidad |
| 264 #1 - PRODUCTION, PUBLICATION, DISTRIBUTION, MANUFACTURE, AND COPYRIGHT NOTICE | |
| Place of production, publication, distribution, manufacture | Bogotá : |
| Name of producer, publisher, distributor, manufacturer | Alfaomega Colombiana |
| Date of production, publication, distribution, manufacture, or copyright notice | 2002 |
| 300 ## - PHYSICAL DESCRIPTION | |
| Extent | 55 p. |
| Dimensions | 21 cm. |
| 505 ## - FORMATTED CONTENTS NOTE | |
| Formatted contents note | 1. Concepto de interés y de equivalencia - 2. Inversiones y tasa de descuetno - 3. Valor presente y valor presente neto - 4. Tasa interna de rentabilidad - 5. Contradicciones en las alternativas mutuamente excluyentes - 6. Selección de proyectos con racionamiento de capital - 7. Valor económico agregado (EVA) |
| 590 ## - LOCAL NOTE (RLIN) | |
| Local note | niveau_biblio:m niveau_hierar:0 |
| 942 ## - ADDED ENTRY ELEMENTS (KOHA) | |
| Koha item type | |
| Withdrawn status | Lost status | Damaged status | Not for loan | Home library | Current library | Shelving location | Date acquired | Total checkouts | Full call number | Barcode | Date last seen | Price effective from | Koha item type | Public note |
|---|---|---|---|---|---|---|---|---|---|---|---|---|---|---|
| Biblioteca Prof. Eusebio Cleto del Rey | Biblioteca Prof. Eusebio Cleto del Rey | 07/04/2026 | 658.155 V436 | L129140 | 07/04/2026 | 07/04/2026 | Libro | MANCHAS EN CANTO INFERIOR PÁG. 38 A 56 |